Oil Price Volatility and Consequences for Selected Oil-exporting Economies

Analýza dopadu kolísania cien ropy na hospodársky rast vybraných krajín vyvážajúcich ropu (OECS). Podľa teoretických zdrojov je jedným z možných kanálov, ktorými môže byť nepriaznivý vzťah medzi množstvom prírodných zdrojov a hospodárskym rastom je cenová volatilita. Kolísanie cien ropy je vyššie ak...

Full description

Saved in:
Bibliographic Details
Main Author: Obadi, Saleh Mothana
Other Authors: Chmelová, Michelle
Format: Book Chapter
Language:English
Subjects:
Tags: Add Tag
No Tags, Be the first to tag this record!

MARC

LEADER 00000naa a2200000 4500
001 0241034
005 20240502083646.8
041 0 |a eng 
044 |a HR 
245 1 0 |a Oil Price Volatility and Consequences for Selected Oil-exporting Economies  |c Saleh Mothana Obadi, Michelle Chmelová 
520 |a Analýza dopadu kolísania cien ropy na hospodársky rast vybraných krajín vyvážajúcich ropu (OECS). Podľa teoretických zdrojov je jedným z možných kanálov, ktorými môže byť nepriaznivý vzťah medzi množstvom prírodných zdrojov a hospodárskym rastom je cenová volatilita. Kolísanie cien ropy je vyššie ako v prípade iných prírodných zdrojov. V krajinách, kde sú príjmy z ropy vysoké, volatilita cien ropy môže vážne ovplyvniť makroekonomickú stabilitu. 
610 2 0 |a rast hospodársky 
610 2 0 |a produkt domáci hrubý 
610 2 0 |a volatilita 
610 2 0 |a vývoj cenový 
610 2 0 |a ropa 
100 1 |a Obadi, Saleh Mothana 
700 1 |a Chmelová, Michelle